[Event "Moravia-Silesia Region-chT 0708"]
[Site "Czech Republic"]
[Date "2008.01.20"]
[Round "6.8"]
[White "Blecha, Josef"]
[Black "Harazim, Richard"]
[Result "1/2-1/2"]
[WhiteElo "2010"]
[BlackElo "1882"]
[PlyCount "84"]
[EventDate "2007.10.28"]
[EventType "team-tourn"]
[EventRounds "11"]
[EventCountry "CZE"]
[SourceTitle "EXT 2024"]
[Source "ChessBase"]
[SourceDate "2023.10.10"]
[SourceVersion "1"]
[SourceVersionDate "2023.10.10"]
[SourceQuality "1"]

1. e4 e5 2. Nf3 Nc6 3. Nc3 Be7 4. d4 d6 5. d5 Nb8 6. Bd3 Nf6 7. h3 Nbd7 8. Be3 c6 9. Bc4 cxd5 10. exd5 Nb6 11. Bb3 Bd7 12. 0-0 0-0 13. Nxe5 Bxh3 14. Nxf7 Rxf7 15. gxh3 Qd7 16. Kh2 Raf8 17. Rg1 Kh8 18. a4 Ng8 19. Qg4 Bf6 20. Raf1 Qe7 21. Nd1 Be5+ 22. Kh1 Rf3 23. Rg2 Qf6 24. a5 Nc8 25. Bc4 Nh6 26. Qh5 Rf5 27. Bg5 Qf7 28. Qh4 Bf4 29. Ne3 Bxg5 30. Rxg5 Rxf2 31. Rxf2 Qxf2 32. Qxf2 Rxf2 33. Rg3 g6 34. Kg1 Rf4 35. Bd3 Ne7 36. b3 Kg7 37. Kg2 Nhf5 38. Nxf5+ Nxf5 39. Bxf5 Rxf5 40. c4 Kf6 41. Re3 Re5 42. Rf3+ Rf5 1/2-1/2

[Event "Moravia-Silesia Region-chT 0708"]
[Site "Czech Republic"]
[Date "2008.??.??"]
[Round "5.8"]
[White "Harazim, Richard"]
[Black "Belka, Lubomir"]
[Result "1-0"]
[WhiteElo "1882"]
[BlackElo "1975"]
[PlyCount "73"]
[EventDate "2007.10.28"]
[EventType "team-tourn"]
[EventRounds "11"]
[EventCountry "CZE"]
[SourceTitle "EXT 2024"]
[Source "ChessBase"]
[SourceDate "2023.10.10"]
[SourceVersion "1"]
[SourceVersionDate "2023.10.10"]
[SourceQuality "1"]

1. e4 e5 2. Nf3 Nc6 3. Bb5 a6 4. Ba4 b5 5. Bb3 Bc5 6. c3 Qf6 7. 0-0 Nge7 8. d3 h6 9. Be3 Bxe3 10. fxe3 0-0 11. Qe1 d6 12. Nbd2 Ng6 13. Nd4 Qxf1+ 14. Qxf1 exd4 15. exd4 Nce7 16. Qf2 Be6 17. d5 Bd7 18. Rf1 Ne5 19. Bc2 f5 20. Qg3 N7g6 21. d4 f4 22. Qe1 Ng4 23. e5 Bf5 24. Bxf5 Rxf5 25. exd6 Ne3 26. dxc7 Rxd5 27. Rxf4 Nxf4 28. Qxe3 Rf5 29. Qe4 Rff8 30. Nf3 Rae8 31. Ne5 Ne6 32. Qc6 Nf4 33. g3 Nh3+ 34. Kg2 Ng5 35. h4 Ne6 36. Ng6 Nxc7 37. Nxf8 1-0